000
00447nam a2200145Ia 4500
008
100204s9999 xx 000 0 und d
082
_b
834
100
_a
शेंडे. ना. रा.
245
_a
तांबडा दगड
260
_b
"सुनील टाकसाळे , नागपूर"
_c
"1977,2"
300
_a
134
630
_a
तांबडा दगड
730
_a
तांबडा दगड
942
_c
BOOK
999
_c
446029
_d
446026